Nejistý plamen průvodce ropným světem

Bibliographic Details
Main Authors: Cílek, Václav, 1955- (Author), Kašík, Martin, 1952- (Author)
Format: Book
Language:Czech
PhysicalDescription:191 s., [16] s. obr. príl. fotogr. 21 cm
Published: Praha Dokořán 2007
ISBN:9788073631222
Edition:1. vyd.
Subjects:

MARC

LEADER 00000nam a2200000 a 4500
001 vtls009000940
003 SK-MaSNL
005 20260301081049.0
008 240315s2007 xr odl g 000 0 cze
020 |a 9788073631222  |q (viaz.) 
040 |a SNK  |b slo  |c SNK  |e AACR2 
041 0 |a cze 
044 |a xr  |c CZ 
072 7 |a 665  |x Oleje. Tuky. Vosky. Spojivá. Živice  |2 konspekt 
080 |a 622.323  |2 2001 
080 |a 665.61  |2 2001 
080 |a 553.982  |2 2001 
080 |a 622.276  |2 2001 
080 |a 665.6  |2 2001 
080 |a 339.9:665.7  |2 2001 
080 |a (0.062)  |2 2001 
100 1 |a Cílek, Václav,  |d 1955-  |4 aut  |9 102564 
245 1 0 |a Nejistý plamen  |b průvodce ropným světem  |c Václav Cílek, Martin Kašík 
246 3 0 |a Průvodce ropným světem 
250 |a 1. vyd. 
260 |a Praha  |b Dokořán  |c 2007 
300 |a 191 s., [16] s. obr. príl.  |b fotogr.  |c 21 cm 
504 |a Obsahuje bibliogr. 
505 2 |a Podobenství o plameni. Čtrnáct zastavení industriální cesty člověka / performance Tomáše Rullera 
650 0 7 |a ropa  |2 SNKPH  |9 14547 
650 0 7 |a ložiská ropy  |2 SNKPH  |9 59917 
650 0 7 |a ťažba ropy  |2 SNKPH  |9 59762 
650 0 7 |a ropné produkty  |2 SNKPH  |9 67952 
650 0 7 |a ropná politika  |2 SNKPH  |9 403762 
650 0 7 |a Petroleum  |x history  |2 SNKPHeng  |9 403763 
650 0 7 |a Petroleum deposits  |2 SNKPHeng  |9 403764 
650 0 7 |a Petroleum mining  |2 SNKPHeng  |9 352966 
650 0 7 |a Petroleum products  |2 SNKPHeng  |9 313603 
650 0 7 |a Petroleum policy  |2 SNKPHeng  |9 403765 
655 7 |a populárno-náučné publikácie  |2 SNKPH  |9 70460 
655 7 |a Popular works  |2 SNKPHeng  |9 90287 
700 1 |a Kašík, Martin,  |d 1952-  |4 aut  |9 403766 
700 1 2 |a Ruller, Tomáš,  |d 1957-  |t Podobenství o plameni  |4 oth  |9 403767 
919 |a 978-80-7363-122-2 
999 |c 654875  |d 656805 
952 |t snkNEJ 665.6  |a SNKUST  |b SNKUST  |y PREZ  |7 0  |p 17A0555745  |o snkIC 135134  |i snk2007/16689  |8 4  |g 11.25  |0 0  |1 0  |4 0  |d 2007-06-20  |l 0  |r 2025-03-20 00:00:00  |w 2026-02-23